书目信息 |
| 题名: |
Flash MX 2004实用操作指导
|
|
| 作者: | 蔡朝晖 , 李韵琴 编著 | |
| 分册: | ||
| 出版信息: | 上海 上海科学普及出版社 2004.04 |
|
| 页数: | 300页 | |
| 开本: | 26cm | |
| 丛书名: | ||
| 单 册: | ||
| 中图分类: | TP391.41 | |
| 科图分类: | ||
| 主题词: | Flash MX | |
| 电子资源: | ||
| ISBN: | 7-5427-2448-7 | |
| 000 | 00634nam0 2200205 45 | |
| 001 | 0456005254 | |
| 005 | 2004051315332526 | |
| 010 | @a7-5427-2448-7@dRMB 22.80 | |
| 100 | @a20040513d2004 km y0chiy0120 ea | |
| 101 | 0 | @achi |
| 102 | @aCN@b310000 | |
| 200 | 1 | @aFlash MX 2004实用操作指导@AFlash MX 2004 shi yong cao zuo zhi dao@f蔡朝晖,李韵琴编著@Fcai zhao hui,li yun qin bian zhu |
| 210 | @a上海@c上海科学普及出版社@d2004.04 | |
| 215 | @a300页@d26cm | |
| 606 | 0 | @aFlash MX |
| 690 | 1 | @aTP391.41@v4 |
| 701 | 0 | @a蔡朝晖@Acai zhao hui@4编著 |
| 701 | 0 | @a李韵琴@Ali yun qin@4编著 |
| 801 | 0 | @aCN@bPFT@c20040513 |
| 905 | @dTP391.41@eC020 | |
| Flash MX 2004实用操作指导/蔡朝晖,李韵琴编著.-上海:上海科学普及出版社,2004.04 |
| 300页;26cm |
| ISBN 7-5427-2448-7:RMB 22.80 |
| ● |
| 相关链接 |
|
|
|
正题名:Flash MX 2004实用操作指导
索取号:TP391.41/C020
 
预约/预借
| 序号 | 登录号 | 条形码 | 馆藏地/架位号 | 状态 | 备注 |
| 1 | 375084 | 203750841 | 自科二线504/504自科库 31排4列1层/ [索取号:TP391.41/C020] | 在馆 | |
| 2 | 375085 | 203750850 | 自科库301/301自科库 65排6列2层/ [索取号:TP391.41/C020] | 在馆 | |
| 3 | 375086 | 203750869 | 自科库301/301自科库 65排6列2层/ [索取号:TP391.41/C020] | 在馆 |